Statistics for Top Barley-Producing Countries

Click here to take the quiz!

General Stats

  • This quiz has been taken 9 times
  • The average score is 8 of 10

Answer Stats

TonsCountry% Correct
11.3mFrance
100%
10.4mGermany
100%
7.0mUnited Kingdom
100%
6.8mCanada
89%
18.0mRussia
89%
9.4mUkraine
89%
9.3mSpain
78%
14.6mAustralia
56%
5.8mTurkey
44%
4.0mArgentina
33%

Score Distribution

Percentile by Number Answered

Percent of People with Each Score

Your Score History

You have not taken this quiz